Textos d'ensenyament nàutic (1786-1803) / Josep Baralt i Torras ; edició a cura de J. M. Pons i Guri
Descripción Física:
22, 76, 56, 79, 160 p. ; 25 cm
Otros Autores:
Pons i Guri, Josep M. (Josep Maria), 1909-2005
MARC
| LEADER | 00000nam a2200000Ia 4500 | ||
|---|---|---|---|
| 001 | 10809 | ||
| 008 | 160829s1995 xx 000 0 cat d | ||
| 080 | |a C-1-551 | ||
| 100 | |a Baralt i Torras, Josep |9 37074 |e autor | ||
| 245 | |a Textos d'ensenyament nàutic (1786-1803) / Josep Baralt i Torras ; edició a cura de J. M. Pons i Guri | ||
| 260 | |a Barcelona : |b Diputació de Barcelona, |c 1995 | ||
| 300 | |a 22, 76, 56, 79, 160 p. ; |c 25 cm | ||
| 590 | |a Edicions facsímils de les originals dels anys 1786, 1814 | ||
| 650 | |a Navegació |x Obres anteriors a 1800 |9 37075 | ||
| 650 | |a Cartes nàutiques |9 37076 | ||
| 700 | 1 | |a Pons i Guri, Josep M. |q (Josep Maria), |d 1909-2005 |e editor literari |9 26875 | |
| 710 | 1 | |a Barcelona (Catalunya : Província). |b Diputació |9 52408 | |
| 901 | |a Arxiu | ||
| 942 | |n 1 |2 udc | ||
| 952 | |0 0 |1 0 |4 0 |6 C1551 |7 1 |9 47634 |a Arxiu |b Arxiu |d 2016-12-01 |l 0 |o C-1-551 |p 10809 |r 2016-12-01 00:00:00 |w 2016-12-01 |y ARXIU | ||
| 999 | |c 51433 |d 51433 | ||